[Event "MMK 2013 - OPEN"]
[Site "ul.Reymonta 22 - Krakow"]
[Date "2013.08.14"]
[Round "8.11"]
[White "Jakubiec, Edyta"]
[Black "Skomial, Mateusz"]
[Result "1-0"]
[WhiteElo "2216"]
[BlackElo "2014"]
[PlyCount "117"]
[EventDate "2013.??.??"]

1. e4 e5 2. Bc4 Nc6 3. Nf3 Bc5 4. d3 h6 5. c3 Nf6 6. b4 Bd6 7. Nbd2 O-O 8. O-O
Ne7 9. Bb3 b5 10. a4 c6 11. axb5 cxb5 12. d4 Ng6 13. dxe5 Nxe5 14. Nd4 Qb6 15.
Ra5 Ba6 16. f4 Nc6 17. Rxa6 Qxa6 18. Nxc6 Qxc6 19. e5 Be7 20. exf6 Bxf6 21. c4
Rab8 22. c5 Bc3 23. Nf3 Bxb4 24. Ne5 Qxc5+ 25. Kh1 Rbd8 26. Nd3 Qd6 27. Bb2 g6
28. f5 Kh7 29. Be5 Qe7 30. f6 Qe8 31. Bd4 Ba5 32. Bxa7 d5 33. Bc5 Rg8 34. Ba3
Bc7 35. Be7 Rd7 36. Nc5 Rxe7 37. fxe7 Qxe7 38. Qxd5 Rg7 39. Ne4 f5 40. Nc5 Qh4
41. g3 Bxg3 42. Qg2 Bd6 43. Ne6 Ra7 44. Rg1 Qf6 45. Qd5 Be7 46. Nf4 Qg7 47.
Nxg6 Bg5 48. Ne5 Qf8 49. Nc6 Rg7 50. Bc2 Kh8 51. Bxf5 Bh4 52. Rf1 Rf7 53. Nd4
Bf6 54. Be6 Rg7 55. Qf3 Rg6 56. Bf5 Rg8 57. Bd3 Be7 58. Qe4 Qg7 59. Nc6 1-0

[Event "MMK 2013 - OPEN"]
[Site "ul.Reymonta 22 - Krakow"]
[Date "2013.08.14"]
[Round "8.12"]
[White "Molenda, Marcin"]
[Black "Adamowicz, Katarzyna"]
[Result "1-0"]
[WhiteElo "1866"]
[BlackElo "2112"]
[PlyCount "79"]
[EventDate "2013.??.??"]

1. c4 e6 2. g3 d5 3. cxd5 exd5 4. Bg2 Nf6 5. Nf3 Bd6 6. O-O O-O 7. d3 c5 8. Nc3
Nc6 9. d4 c4 10. Bg5 Be7 11. Ne5 Be6 12. Nxc6 bxc6 13. Qc2 h6 14. Bf4 Qd7 15.
Rfd1 Bh3 16. e4 Bxg2 17. Kxg2 Rfe8 18. e5 Nh7 19. Be3 Nf8 20. f4 f5 21. Ne2
Rab8 22. Rg1 Rb6 23. Kh1 Reb8 24. Rab1 Kh8 25. g4 fxg4 26. f5 h5 27. Nf4 Qe8
28. h3 Nh7 29. hxg4 h4 30. g5 c5 31. f6 Bf8 32. dxc5 Rb5 33. f7 Qxf7 34. g6 Qb7
35. Bd4 Nf6 36. exf6 Bxc5 37. Qf5 Bxd4 38. Qh5+ Kg8 39. Qh7+ Kf8 40. Qh8# 1-0

[Event "MMK 2013 - OPEN"]
[Site "ul.Reymonta 22 - Krakow"]
[Date "2013.08.14"]
[Round "8.14"]
[White "Jedras, Piotr"]
[Black "Mihopoulos, Konstantinos"]
[Result "1-0"]
[WhiteElo "2008"]
[BlackElo "2036"]
[PlyCount "50"]
[EventDate "2013.??.??"]

1. e4 c5 2. Nf3 e6 3. d4 cxd4 4. Nxd4 Nf6 5. Nc3 Nc6 6. Ndb5 Bc5 7. Nd6+ Ke7 8.
Bf4 Qb6 9. Qd2 Bxf2+ 10. Qxf2 Qxb2 11. Nxc8+ Kd8 12. Nd1 Qb4+ 13. Bd2 Qxe4+ 14.
Be2 Rxc8 15. Ne3 Nd4 16. O-O Nxe2+ 17. Qxe2 Rxc2 18. Rac1 Rxc1 19. Rxc1 Nd5 20.
h3 f6 21. Rc4 Qb1+ 22. Kh2 Nb6 23. Rb4 Qg6 24. a4 Qg5 25. Rg4 Qh5 1-0

[Event "MMK 2013 - OPEN"]
[Site "ul.Reymonta 22 - Krakow"]
[Date "2013.08.14"]
[Round "8.15"]
[White "Nester, Ihor"]
[Black "Czernicki, Bogdan"]
[Result "1-0"]
[WhiteElo "2306"]
[BlackElo "1851"]
[PlyCount "61"]
[EventDate "2013.??.??"]

1. Nf3 d6 2. d4 c6 3. c4 Bg4 4. Nc3 g6 5. h3 Bxf3 6. exf3 e6 7. d5 exd5 8. cxd5
c5 9. Bb5+ Nd7 10. O-O a6 11. Re1+ Be7 12. Bf1 Kf8 13. Bf4 Kg7 14. Ne4 Ndf6 15.
Qb3 b5 16. a4 b4 17. Nd2 h5 18. Rad1 Nh6 19. g4 hxg4 20. fxg4 Ne8 21. Nc4 f6
22. Re6 Nf7 23. Rde1 Ne5 24. g5 Rf8 25. Bxe5 fxe5 26. Bd3 Bxg5 27. Rxg6+ Kh8
28. Qd1 Ng7 29. Qg4 Bf6 30. Rh6+ Kg8 31. Qg6 1-0

[Event "MMK 2013 - OPEN"]
[Site "ul.Reymonta 22 - Krakow"]
[Date "2013.08.14"]
[Round "8.16"]
[White "Uscinski, Marek"]
[Black "Polok, Kacper"]
[Result "0-1"]
[WhiteElo "1847"]
[BlackElo "2213"]
[PlyCount "84"]
[EventDate "2013.??.??"]

1. d4 Nf6 2. Nf3 e6 3. e3 b6 4. Bd3 Bb7 5. O-O Be7 6. c4 O-O 7. Nc3 d5 8. cxd5
exd5 9. b3 Nbd7 10. Bb2 Rc8 11. Qe2 a5 12. Rac1 Re8 13. Rfd1 Bf8 14. Bf5 g6 15.
Bh3 Ra8 16. Qc2 c6 17. g3 Bg7 18. Nd2 Nf8 19. Na4 Ne6 20. Nf3 Nd7 21. Ba3 f5
22. Bd6 Rc8 23. Qd2 Nf6 24. Be5 Ne4 25. Qe2 b5 26. Bxg7 Kxg7 27. Nb2 Ba6 28.
Nd3 b4 29. Qb2 Nc3 30. Rd2 Bxd3 31. Rxd3 Qf6 32. Rdxc3 bxc3 33. Qxc3 c5 34.
Qxa5 cxd4 35. Rxc8 Rxc8 36. exd4 Rc1+ 37. Bf1 Qd8 38. Qa4 Nc7 39. Kg2 Qe8 40.
Qa3 Rc3 41. Qb4 Rxf3 42. Kxf3 Qe4# 0-1

[Event "MMK 2013 - OPEN"]
[Site "ul.Reymonta 22 - Krakow"]
[Date "2013.08.14"]
[Round "8.17"]
[White "Peronczyk, Karol"]
[Black "Carre, Sylvain"]
[Result "0-1"]
[WhiteElo "1775"]
[BlackElo "2120"]
[PlyCount "100"]
[EventDate "2013.??.??"]

1. e4 c6 2. d4 d5 3. Nc3 dxe4 4. Nxe4 Nf6 5. Ng3 h5 6. Bc4 h4 7. N3e2 Bf5 8.
Nf3 h3 9. g3 e6 10. Nh4 Be4 11. f3 Bh7 12. Bg5 Qa5+ 13. Qd2 Qxd2+ 14. Kxd2 Nd5
15. Bxd5 cxd5 16. Be3 Be7 17. f4 Be4 18. Rhg1 Bxh4 19. gxh4 Rxh4 20. Rxg7 Rh8
21. Rg5 Nd7 22. Nc3 Nf6 23. Re1 Rc8 24. Kc1 Ke7 25. f5 exf5 26. Bf4 Ke6 27. Be5
Rhg8 28. Rxg8 Rxg8 29. Ne2 Ng4 30. Nf4+ Kd7 31. Nh5 Rg5 32. Nf6+ Nxf6 33. Bxf6
Rg2 34. Be5 Rxc2+ 35. Kd1 Rxb2 36. Re3 Bg2 37. a3 Rb6 38. Rc3 Ra6 39. Rc7+ Ke6
40. Rxb7 Rxa3 41. Rc7 f4 42. Rc6+ Kf5 43. Rf6+ Ke4 44. Rxf4+ Kd3 45. Kc1 Ra1+
46. Kb2 Rf1 47. Rxf1 Bxf1 48. Ka3 f5 49. Kb4 Ke3 50. Kc5 Bg2 0-1

[Event "MMK 2013 - OPEN"]
[Site "ul.Reymonta 22 - Krakow"]
[Date "2013.08.14"]
[Round "8.19"]
[White "Kyc, Jerzy"]
[Black "Golda, Sebastian"]
[Result "1-0"]
[WhiteElo "1951"]
[BlackElo "1676"]
[PlyCount "57"]
[EventDate "2013.??.??"]

1. e4 e5 2. Nf3 Nc6 3. Bb5 a6 4. Ba4 Nf6 5. O-O b5 6. Bb3 Be7 7. d3 O-O 8. Re1
d6 9. c3 Na5 10. Bc2 c5 11. Nbd2 Re8 12. d4 Bf8 13. Nf1 Bb7 14. Ng3 g6 15. b3
Rc8 16. d5 Qc7 17. Bg5 Bg7 18. Qd2 Qb6 19. Rad1 Rc7 20. Bh6 Bc8 21. h3 Bd7 22.
Qg5 Nb7 23. Bxg7 Kxg7 24. Nh4 Ng8 25. Nh5+ Kh8 26. Nf6 h6 27. Nxg6+ Kg7 28.
Nh5+ Kh7 29. Nf8+ 1-0

[Event "MMK 2013 - OPEN"]
[Site "ul.Reymonta 22 - Krakow"]
[Date "2013.08.14"]
[Round "8.20"]
[White "Luczka, Szymon"]
[Black "Kromka, Ryszard"]
[Result "1-0"]
[WhiteElo "1648"]
[BlackElo "1941"]
[PlyCount "65"]
[EventDate "2013.??.??"]

1. d4 Nf6 2. Nf3 d6 3. Nc3 Bf5 4. Bg5 Ne4 5. Nxe4 Bxe4 6. e3 c6 7. Nd2 Qa5 8.
Bh4 e5 9. c3 Bd5 10. dxe5 dxe5 11. e4 Be6 12. Bc4 Be7 13. Bxe6 fxe6 14. Bxe7
Kxe7 15. Qg4 Kf6 16. Qh4+ Kf7 17. Nc4 Qc5 18. Qh5+ Kf6 19. Ne3 Nd7 20. Rd1 Rad8
21. Ng4+ Ke7 22. Qg5+ Kf7 23. h4 h5 24. Nxe5+ Nxe5 25. Rxd8 Rxd8 26. Qxd8 Qc4
27. Rh3 Qxe4+ 28. Re3 Qb1+ 29. Qd1 Qf5 30. Kf1 g6 31. Qd4 Qb1+ 32. Re1 Nd3 33.
Rxb1 1-0

[Event "MMK 2013 - OPEN"]
[Site "ul.Reymonta 22 - Krakow"]
[Date "2013.08.14"]
[Round "8.21"]
[White "Gumularz, Szymon"]
[Black "Kolodziej, Krzysztof"]
[Result "1-0"]
[WhiteElo "1920"]
[BlackElo "1647"]
[PlyCount "69"]
[EventDate "2013.??.??"]

1. d4 Nf6 2. c4 d6 3. Nc3 g6 4. e4 Bg7 5. f3 O-O 6. Be3 Nc6 7. Nge2 e5 8. d5
Ne7 9. g4 c6 10. dxc6 bxc6 11. Qd2 Be6 12. O-O-O Bxc4 13. Qxd6 Qxd6 14. Rxd6 a5
15. Ng3 Be6 16. Be2 Rfd8 17. Rhd1 Rxd6 18. Rxd6 Ne8 19. Rd1 f5 20. gxf5 gxf5
21. exf5 Nxf5 22. Nxf5 Bxf5 23. Bc4+ Kh8 24. Ne4 Bf8 25. Ng5 Bg6 26. Nf7+ Bxf7
27. Bxf7 Kg7 28. Bb3 a4 29. Rg1+ Kf6 30. Bg5+ Kf5 31. Bc2+ Ke6 32. Bxh7 Nf6 33.
Bxf6 Kxf6 34. Rg6+ Kf7 35. Rxc6 1-0

[Event "MMK 2013 - OPEN"]
[Site "ul.Reymonta 22 - Krakow"]
[Date "2013.08.14"]
[Round "8.23"]
[White "Lewtak, Dominik"]
[Black "Blaszczak, Pawel"]
[Result "1/2-1/2"]
[WhiteElo "1846"]
[BlackElo "2039"]
[PlyCount "79"]
[EventDate "2013.??.??"]

1. e4 e5 2. Nf3 Nc6 3. Bb5 a6 4. Ba4 Nf6 5. O-O b5 6. Bb3 Bb7 7. c3 Nxe4 8. d4
exd4 9. Re1 d5 10. Ng5 Qf6 11. Bxd5 Qxf2+ 12. Kh1 O-O-O 13. Nxe4 Qf5 14. Bxc6
Bxc6 15. Qf3 Qe6 16. Qe2 Re8 17. cxd4 Qxe4 18. Qxe4 Bxe4 19. Kg1 Bd6 20. Bd2
Bc6 21. Nc3 b4 22. Ne2 Re4 23. a3 Rhe8 24. Kf2 Bb5 25. Ng3 Rxe1 26. Bxe1 bxa3
27. bxa3 g6 28. Bb4 Bxb4 29. axb4 f5 30. Kf3 Bc6+ 31. Kf4 Bxg2 32. Rxa6 Kb7 33.
Ra2 Bd5 34. Ra5 Kc6 35. h4 Rb8 36. Rc5+ Kd6 37. b5 Re8 38. h5 Be4 39. hxg6 hxg6
40. Kg5 {nieczytelne} 1/2-1/2

[Event "MMK 2013 - OPEN"]
[Site "ul.Reymonta 22 - Krakow"]
[Date "2013.08.14"]
[Round "8.24"]
[White "Kolomvakis, Stelios"]
[Black "Sanetra, Szymon"]
[Result "0-1"]
[WhiteElo "1821"]
[BlackElo "2010"]
[PlyCount "40"]
[EventDate "2013.??.??"]

1. d4 d5 2. c4 e6 3. Nc3 Nf6 4. Bg5 Nbd7 5. Nf3 Be7 6. e3 O-O 7. cxd5 exd5 8.
Bd3 c6 9. O-O Re8 10. Qc2 Nf8 11. Rab1 Ng6 12. b4 a6 13. a4 Nh5 14. Bxe7 Qxe7
15. b5 axb5 16. axb5 Bg4 17. Nd2 Qg5 18. Rfe1 Bh3 19. Bf1 Bxg2 20. Bxg2 Ngf4
0-1

[Event "MMK 2013 - OPEN"]
[Site "ul.Reymonta 22 - Krakow"]
[Date "2013.08.14"]
[Round "8.25"]
[White "Low, Zhen Yu Cyrus"]
[Black "Corti, Massimo"]
[Result "1-0"]
[WhiteElo "1769"]
[BlackElo "2008"]
[PlyCount "47"]
[EventDate "2013.??.??"]

1. e4 e6 2. d4 d5 3. e5 c5 4. c3 Bd7 5. Nf3 Nc6 6. Be2 Qc7 7. O-O f6 8. Bf4
Nge7 9. Re1 Ng6 10. Bg3 f5 11. Bd3 Qb6 12. Nbd2 cxd4 13. c4 Nb4 14. cxd5 Nxd3
15. Nc4 Nxe1 16. Nxb6 Nxf3+ 17. Qxf3 axb6 18. dxe6 Bxe6 19. Qxb7 Rd8 20. Qxb6
Ke7 21. Rc1 Rd7 22. Rc6 Bd5 23. Rd6 f4 24. Qc5 1-0

[Event "MMK 2013 - OPEN"]
[Site "ul.Reymonta 22 - Krakow"]
[Date "2013.08.14"]
[Round "8.26"]
[White "Sanetra, Krzysztof"]
[Black "Jedrocha, Katarzyna"]
[Result "1-0"]
[WhiteElo "1981"]
[BlackElo "1717"]
[PlyCount "105"]
[EventDate "2013.??.??"]

1. e4 c6 2. Nc3 d5 3. Nf3 dxe4 4. Nxe4 Nf6 5. Nxf6+ gxf6 6. d4 Bf5 7. Bd3 Bxd3
8. Qxd3 Qc7 9. Bd2 Nd7 10. O-O-O O-O-O 11. Qb3 e6 12. Kb1 Kb8 13. g3 c5 14. Bf4
Bd6 15. Bxd6 Qxd6 16. Qa3 Qc7 17. Rd2 cxd4 18. Rxd4 Ne5 19. Rhd1 Rxd4 20. Nxd4
Rd8 21. Kc1 Qb6 22. Qa4 a6 23. c3 Ka7 24. h3 Rd5 25. Qb3 Nc6 26. Qxb6+ Kxb6 27.
Ne2 Rxd1+ 28. Kxd1 e5 29. g4 Ne7 30. Ng3 Nd5 31. Kd2 Nf4 32. h4 Ng6 33. h5 Ne7
34. Ke3 Kc6 35. Ke4 b6 36. Nf5 Nc8 37. g5 Nd6+ 38. Nxd6 Kxd6 39. gxf6 Ke6 40.
c4 Kxf6 41. Kd5 Kf5 42. Kc6 Kf4 43. Kxb6 Kf3 44. c5 Kxf2 45. c6 e4 46. c7 e3
47. c8=Q e2 48. Qf5+ Kg2 49. Qe4+ Kf2 50. Qf4+ Kg2 51. Qe3 Kf1 52. Qf3+ Ke1 53.
Kxa6 1-0

[Event "MMK 2013 - OPEN"]
[Site "ul.Reymonta 22 - Krakow"]
[Date "2013.08.15"]
[Round "9.1"]
[White "Bus, Konrad"]
[Black "Mariano, Elia"]
[Result "1/2-1/2"]
[WhiteElo "2066"]
[BlackElo "2177"]
[PlyCount "39"]
[EventDate "2013.??.??"]

1. d4 d5 2. Nf3 Bf5 3. c4 e6 4. Nc3 c6 5. Qb3 Qb6 6. c5 Qc7 7. Bf4 Qc8 8. h3
Nd7 9. g4 Bg6 10. Bg2 Be7 11. O-O Ngf6 12. Nh4 O-O 13. Nxg6 hxg6 14. Qc2 Re8
15. b4 Bf8 16. Rfe1 a5 17. a3 b5 18. Bh2 e5 19. e3 e4 20. Rab1 1/2-1/2

[Event "MMK 2013 - OPEN"]
[Site "ul.Reymonta 22 - Krakow"]
[Date "2013.08.15"]
[Round "9.2"]
[White "Barski, Radoslaw"]
[Black "Gbyl, Andrzej"]
[Result "1/2-1/2"]
[WhiteElo "2268"]
[BlackElo "2198"]
[PlyCount "40"]
[EventDate "2013.??.??"]

1. e4 e5 2. Nf3 Nc6 3. Bb5 Nf6 4. d3 d6 5. c3 a6 6. Ba4 Be7 7. O-O O-O 8. Re1
Bg4 9. h3 Bh5 10. Nbd2 b5 11. Bc2 Re8 12. Nf1 Bf8 13. Ng3 Bxf3 14. Qxf3 g6 15.
a3 Bg7 16. b4 Nb8 17. Bb3 Nbd7 18. Nf1 c6 19. Ne3 Rf8 20. g3 h6 1/2-1/2

[Event "MMK 2013 - OPEN"]
[Site "ul.Reymonta 22 - Krakow"]
[Date "2013.08.15"]
[Round "9.3"]
[White "Xylogiannopoulos, Antonios"]
[Black "Kumor, Lukasz"]
[Result "0-1"]
[WhiteElo "2146"]
[BlackElo "2131"]
[PlyCount "122"]
[EventDate "2013.??.??"]

1. e4 e6 2. d4 d5 3. Nc3 Nf6 4. Bg5 Be7 5. e5 Nfd7 6. h4 Bxg5 7. hxg5 Qxg5 8.
Qd3 g6 9. Nf3 Qe7 10. O-O-O Nc6 11. Qe3 Nb6 12. Rh6 Bd7 13. Bd3 O-O-O 14. Rdh1
Na5 15. Rxh7 Rxh7 16. Rxh7 Nac4 17. Qe1 Rf8 18. Nb1 Be8 19. b3 Na3 20. Qa5 Nxb1
21. Kxb1 Kb8 22. g4 Rg8 23. Qd2 c5 24. Qg5 Qc7 25. dxc5 Qxc5 26. Qd8+ Nc8 27.
Qh4 a5 28. g5 Ne7 29. Qd4 Qc7 30. a4 Nc6 31. Qc3 Qb6 32. Bb5 Qxf2 33. Bxc6 Bxc6
34. Rxf7 d4 35. Qd2 Qf1+ 36. Qe1 Qxe1+ 37. Nxe1 Be4 38. Rf4 Bf5 39. Rxd4 Rh8
40. Nf3 Rh3 41. Nh4 Rxb3+ 42. Kc1 Rg3 43. Nxf5 gxf5 44. Rd6 Rxg5 45. Rxe6 Kc7
46. Kd2 f4 47. Rf6 Rxe5 48. Rxf4 Kc6 49. Kd3 b6 50. Rc4+ Kd5 51. Rd4+ Kc6 52.
Rc4+ Kb7 53. Kd4 Re1 54. Kd5 Rd1+ 55. Rd4 Ra1 56. Kd6 Ra3 57. Rc4 Rh3 58. Rc7+
Ka6 59. Rc6 Rh7 60. c4 Kb7 61. c5 Rh6+ 0-1

[Event "MMK 2013 - OPEN"]
[Site "ul.Reymonta 22 - Krakow"]
[Date "2013.08.15"]
[Round "9.4"]
[White "Matviishen, Viktor"]
[Black "Marczuk, Dominik"]
[Result "1-0"]
[WhiteElo "2070"]
[BlackElo "2049"]
[PlyCount "83"]
[EventDate "2013.??.??"]

1. d4 f5 2. Nc3 Nf6 3. Bg5 d5 4. e3 e6 5. Nf3 Be7 6. Bd3 Nbd7 7. Ne2 Ne4 8.
Bxe7 Qxe7 9. O-O O-O 10. c4 g5 11. Qc2 c6 12. Rab1 g4 13. Bxe4 fxe4 14. Nd2 a5
15. Nf4 Qd6 16. Kh1 b6 17. a3 e5 18. dxe5 Nxe5 19. cxd5 cxd5 20. Qb3 Kh8 21.
Rfd1 Rxf4 22. exf4 Nd3 23. Kg1 a4 24. Qc3+ d4 25. Qc2 Bb7 26. Nf1 Qxf4 27. Qd2
Qf6 28. b3 Qc6 29. Re1 Rf8 30. Re2 Qd5 31. Ng3 axb3 32. Rxe4 Nc5 33. Qxd4+ Qxd4
34. Rxd4 Ra8 35. Rxg4 Rxa3 36. Rb4 Ba6 37. Rxb6 Bd3 38. Rc1 Bc2 39. Nh5 Ra8 40.
Nf4 Na4 41. Rb7 Be4 42. Rxb3 1-0

[Event "MMK 2013 - OPEN"]
[Site "ul.Reymonta 22 - Krakow"]
[Date "2013.08.15"]
[Round "9.5"]
[White "Buscara, Sevan"]
[Black "Lach, Aleksandra"]
[Result "1-0"]
[WhiteElo "2330"]
[BlackElo "2161"]
[PlyCount "91"]
[EventDate "2013.??.??"]

1. Nf3 f5 2. g3 Nf6 3. Bg2 g6 4. O-O Bg7 5. d3 d6 6. c4 c6 7. Nc3 O-O 8. Rb1 a5
9. a3 Ne8 10. d4 Qc7 11. d5 e5 12. dxe6 Bxe6 13. Qd3 Kh8 14. Bf4 Nd7 15. b3 Bg8
16. Rfd1 Nc5 17. Qe3 Ne6 18. Bh6 f4 19. Bxg7+ Qxg7 20. Qd2 fxg3 21. hxg3 Nc5
22. Qe3 Nd7 23. Rd4 Ndf6 24. Ng5 Nc7 25. Rxd6 Ng4 26. Qd4 Qxd4 27. Rxd4 Nxf2
28. Rd7 Ne6 29. Nxe6 Bxe6 30. Rxb7 Nh3+ 31. Kh2 Rf2 32. Re7 Ng5 33. Ne4 Nxe4
34. Rxe6 Nd2 35. Rb2 Nf1+ 36. Kh3 Raf8 37. g4 Kg7 38. b4 h5 39. gxh5 R8f5 40.
Rxg6+ Kh7 41. Rxc6 Rxh5+ 42. Kg4 Re5 43. Bf3 Re7 44. b5 Rg7+ 45. Kf5 Rf7+ 46.
Rf6 1-0

[Event "MMK 2013 - OPEN"]
[Site "ul.Reymonta 22 - Krakow"]
[Date "2013.08.18"]
[Round "9.6"]
[White "Sumin, Vladyslav"]
[Black "Jakubiec, Edyta"]
[Result "1/2-1/2"]
[WhiteElo "2037"]
[BlackElo "2216"]
[PlyCount "42"]
[EventDate "2013.??.??"]

1. d4 f5 2. c4 Nf6 3. Nf3 g6 4. Nc3 Bg7 5. g3 O-O 6. Bg2 d6 7. O-O Qe8 8. b3 h6
9. Bb2 g5 10. d5 a5 11. Nd4 Qg6 12. Qc2 Na6 13. a3 Nc5 14. Ncb5 Ne8 15. b4 axb4
16. axb4 Rxa1 17. Bxa1 Na6 18. Bc3 Nf6 19. f3 h5 20. f4 Ng4 21. Qd3 gxf4
1/2-1/2

[Event "MMK 2013 - OPEN"]
[Site "ul.Reymonta 22 - Krakow"]
[Date "2013.08.15"]
[Round "9.7"]
[White "Kohtz, Andreas"]
[Black "Shilov, Sergej"]
[Result "1-0"]
[WhiteElo "2034"]
[BlackElo "2206"]
[PlyCount "37"]
[EventDate "2013.??.??"]

1. d4 d6 2. Nf3 Bg4 3. Bf4 Nd7 4. Nbd2 Ngf6 5. h3 Bh5 6. e3 c5 7. Be2 h6 8. c3
g5 9. Bg3 Bg6 10. Qb3 cxd4 11. exd4 Qc7 12. O-O Bg7 13. Rfe1 Nh5 14. Bh2 O-O-O
15. Bc4 e6 16. Bxe6 fxe6 17. Qxe6 Nhf6 18. Bxd6 Qa5 19. Re5 1-0

[Event "MMK 2013 - OPEN"]
[Site "ul.Reymonta 22 - Krakow"]
[Date "2013.08.15"]
[Round "9.8"]
[White "Jedras, Piotr"]
[Black "Mucha, Roman"]
[Result "1-0"]
[WhiteElo "2008"]
[BlackElo "2190"]
[PlyCount "59"]
[EventDate "2013.??.??"]

1. e4 g6 2. d4 Bg7 3. Nc3 d6 4. f4 Nf6 5. Nf3 O-O 6. Bd3 Bg4 7. h3 Bxf3 8. Qxf3
e5 9. fxe5 dxe5 10. d5 Ne8 11. h4 h5 12. g4 Nf6 13. gxh5 Nxh5 14. Bg5 Qd6 15.
O-O-O a6 16. Ne2 c6 17. Bc4 c5 18. Ng3 Nf4 19. h5 f6 20. Bxf4 exf4 21. hxg6
fxg3 22. Rh8+ Bxh8 23. Qh5 Rf7 24. gxf7+ Kg7 25. Rh1 Nd7 26. Qh7+ Kf8 27. Qxh8+
Ke7 28. Qxa8 Qf4+ 29. Kb1 g2 30. Qe8+ 1-0

[Event "MMK 2013 - OPEN"]
[Site "ul.Reymonta 22 - Krakow"]
[Date "2013.08.15"]
[Round "9.9"]
[White "Gola, Karol"]
[Black "Molenda, Marcin"]
[Result "1-0"]
[WhiteElo "2184"]
[BlackElo "1866"]
[PlyCount "61"]
[EventDate "2013.??.??"]

1. e4 c5 2. Nf3 Nc6 3. Bb5 g6 4. Bxc6 dxc6 5. d3 Bg7 6. h3 b6 7. Nc3 Nh6 8. Be3
f6 9. Qd2 Nf7 10. Nh2 e5 11. f4 Qd6 12. O-O exf4 13. Bxf4 Qe7 14. Rae1 Be6 15.
Nd5 cxd5 16. exd5 Ne5 17. dxe6 O-O 18. c3 Rad8 19. d4 cxd4 20. cxd4 Nc6 21. Nf3
f5 22. Bg5 Bf6 23. Bxf6 Rxf6 24. Qc3 Nb4 25. Qc4 Kg7 26. Re5 Qd6 27. Rc1 Nd5
28. Rxd5 Qxd5 29. Qc7+ Kg8 30. Ng5 Qxd4+ 31. Kh1 1-0

[Event "MMK 2013 - OPEN"]
[Site "ul.Reymonta 22 - Krakow"]
[Date "2013.08.15"]
[Round "9.10"]
[White "Gosciniak, Maria"]
[Black "Nester, Ihor"]
[Result "1-0"]
[WhiteElo "2098"]
[BlackElo "2306"]
[PlyCount "125"]
[EventDate "2013.??.??"]

1. e4 e5 2. Nf3 Nc6 3. d4 exd4 4. Nxd4 Nf6 5. Nc3 Bb4 6. Nxc6 bxc6 7. Bd3 d6 8.
O-O Ng4 9. h3 Ne5 10. Qh5 Nxd3 11. cxd3 Qf6 12. Bd2 O-O 13. a3 Bc5 14. Ne2 Qg6
15. Qxg6 hxg6 16. d4 Bb6 17. Be3 Ba6 18. Rfe1 Bd3 19. Nc3 Rae8 20. d5 c5 21. b4
c4 22. Bxb6 axb6 23. f3 f5 24. exf5 gxf5 25. Kf2 Kf7 26. a4 Ra8 27. Ke3 Ra6 28.
Kd4 Rfa8 29. Ra2 f4 30. Rea1 Re8 31. Ne4 Bxe4 32. fxe4 Kf6 33. a5 b5 34. Rf1 g5
35. g3 Rh8 36. Rh2 Raa8 37. gxf4 gxf4 38. Rxf4+ Ke7 39. e5 Rag8 40. exd6+ cxd6
41. Re2+ Kd7 42. Re6 Rg7 43. h4 Rhh7 44. Ref6 Rg3 45. Rf7+ Rxf7 46. Rxf7+ Kc8
47. h5 Rh3 48. Rf5 Rh4+ 49. Ke3 Kb7 50. Rf6 c3 51. Kd3 Rxb4 52. Kxc3 Rh4 53.
Rxd6 Rxh5 54. Kb4 Rh1 55. Rb6+ Kc7 56. Kxb5 Rb1+ 57. Ka6 Rd1 58. d6+ Kc8 59.
Ka7 Rd4 60. a6 Rd2 61. Rc6+ Kd7 62. Kb7 Ra2 63. Rb6 1-0

[Event "MMK 2013 - OPEN"]
[Site "ul.Reymonta 22 - Krakow"]
[Date "2013.08.15"]
[Round "9.11"]
[White "Polok, Kacper"]
[Black "Wozniak, Mariola"]
[Result "0-1"]
[WhiteElo "2213"]
[BlackElo "2028"]
[PlyCount "44"]
[EventDate "2013.??.??"]

1. e4 d6 2. d4 Nf6 3. Nc3 Nbd7 4. Nf3 e5 5. g4 Nxg4 6. Rg1 Ngf6 7. Be3 g6 8.
Qd2 c6 9. O-O-O Qa5 10. Bh3 Bg7 11. dxe5 dxe5 12. Nh4 Bf8 13. a3 Be7 14. f4 Nb6
15. Bxb6 axb6 16. Bxc8 Rxc8 17. fxe5 Rd8 18. Qf4 Nh5 19. Qg4 Qxe5 20. Rdf1 Nf6
21. Qe2 Bxa3 22. Nf3 Qxc3 0-1

[Event "MMK 2013 - OPEN"]
[Site "ul.Reymonta 22 - Krakow"]
[Date "2013.08.15"]
[Round "9.12"]
[White "Slabek, Grzegorz"]
[Black "Lach, Piotr"]
[Result "1/2-1/2"]
[WhiteElo "2056"]
[BlackElo "2166"]
[PlyCount "38"]
[EventDate "2013.??.??"]

1. d4 Nf6 2. Nf3 e6 3. g3 b5 4. Bg2 Bb7 5. O-O c5 6. a4 b4 7. dxc5 Bxc5 8. c4
O-O 9. b3 Qe7 10. Bb2 d5 11. cxd5 Bxd5 12. Nbd2 Rd8 13. Qc2 Nbd7 14. Rac1 Rac8
15. Qb1 Bb6 16. Qa1 Nc5 17. a5 Bc7 18. Nd4 Bb8 19. Bxd5 Nxd5 1/2-1/2

[Event "MMK 2013 - OPEN"]
[Site "ul.Reymonta 22 - Krakow"]
[Date "2013.08.15"]
[Round "9.13"]
[White "Janus, Przemyslaw"]
[Black "Kyc, Jerzy"]
[Result "1/2-1/2"]
[WhiteElo "2121"]
[BlackElo "1951"]
[PlyCount "57"]
[EventDate "2013.??.??"]

1. d4 Nf6 2. c4 g6 3. Nc3 d5 4. Nf3 Bg7 5. Bf4 O-O 6. e3 c5 7. dxc5 Qa5 8. Qa4
Qxc5 9. Rd1 dxc4 10. Bxc4 Nc6 11. O-O Bg4 12. Rd2 a6 13. Be2 b5 14. Qc2 Rac8
15. Rc1 Nb4 16. Qd1 Ne4 17. Ne5 Nxf2 18. Kxf2 Bxe5 19. Nd5 Qxc1 20. Nxe7+ Kg7
21. Nxc8 Qxd1 22. Bxd1 Bxf4 23. Bxg4 f5 24. exf4 Rxc8 25. Bf3 Nxa2 26. Bb7 Rb8
27. Bxa6 Nb4 28. Rd7+ Kh6 29. Bb7 1/2-1/2

[Event "MMK 2013 - OPEN"]
[Site "ul.Reymonta 22 - Krakow"]
[Date "2013.08.15"]
[Round "9.14"]
[White "Carre, Sylvain"]
[Black "Gumularz, Szymon"]
[Result "0-1"]
[WhiteElo "2120"]
[BlackElo "1920"]
[PlyCount "108"]
[EventDate "2013.??.??"]

1. d4 d5 2. Bf4 Nf6 3. e3 c5 4. c3 e6 5. Nd2 Nc6 6. Ngf3 Bd6 7. Bg3 Bxg3 8.
hxg3 Qd6 9. Bb5 Bd7 10. Bxc6 Bxc6 11. Ne5 O-O 12. g4 Nd7 13. Nxd7 Bxd7 14. g5
e5 15. Qh5 Bf5 16. dxe5 Qxe5 17. g6 h6 18. gxf7+ Rxf7 19. g4 d4 20. gxf5 dxe3
21. fxe3 Qxe3+ 22. Qe2 Qg3+ 23. Kd1 Rd8 24. Kc2 Re7 25. Qc4+ Kh8 26. Rad1 Red7
27. Qe2 Qf4 28. Ne4 Qxf5 29. Rxd7 Rxd7 30. Re1 Re7 31. a3 b5 32. Kb1 a5 33. Ka1
b4 34. Qd3 Re8 35. Qb1 Qe5 36. Rf1 bxa3 37. bxa3 c4 38. Rf3 Rb8 39. Qc2 Qe7 40.
Nd2 Qxa3+ 41. Qa2 Qc1+ 42. Nb1 a4 43. Rf2 a3 44. Rc2 Qd1 45. Rg2 Rb3 46. Rf2
Rb8 47. Qc2 Qe1 48. Rd2 Rxb1+ 49. Qxb1 Qxd2 50. Qb8+ Kh7 51. Qb1+ Qd3 52. Qc1
h5 53. Qxa3 Qd1+ 54. Kb2 Qb3+ 0-1

[Event "MMK 2013 - OPEN"]
[Site "ul.Reymonta 22 - Krakow"]
[Date "2013.08.15"]
[Round "9.15"]
[White "Watorek, Marcin"]
[Black "Luczka, Szymon"]
[Result "0-1"]
[WhiteElo "2116"]
[BlackElo "1648"]
[PlyCount "212"]
[EventDate "2013.??.??"]

1. d4 Nf6 2. Nf3 c5 3. c4 a6 4. Nc3 cxd4 5. Nxd4 d6 6. g3 Qc7 7. e4 e6 8. Be2
b6 9. Be3 Bb7 10. f3 Be7 11. O-O O-O 12. Rc1 Nbd7 13. b4 Rac8 14. Qb3 Qb8 15.
Rfd1 Bd8 16. Nc2 Bc7 17. Bf2 Rfd8 18. Ne3 Qa8 19. Rd2 Bb8 20. Rcd1 Bc7 21. Bf1
Ne5 22. Bg2 Ned7 23. h3 Bb8 24. Rd4 Bc7 25. Qb1 Kh8 26. R4d2 Qb8 27. f4 Qa8 28.
g4 Qb8 29. Bf3 Ng8 30. Bg3 Nf8 31. f5 d5 32. Bh4 Bf4 33. Kf2 Bxe3+ 34. Kxe3
Rxc4 35. Ne2 Re8 36. Bg3 Qc8 37. e5 exf5 38. gxf5 Rd8 39. Nd4 Re8 40. Kf2 Nh6
41. Re1 Kg8 42. Rg1 Qd8 43. f6 Ng6 44. Nf5 Nxf5 45. Qxf5 Qc8 46. Qg5 Rc2 47. h4
Qc3 48. Rxc2 Qxc2+ 49. Be2 d4 50. Rc1 Qe4 51. Rd1 h6 52. Qg4 Qxg4 53. Bxg4 Nxe5
54. Bxe5 Rxe5 55. Rxd4 gxf6 56. Rd6 Rb5 57. a3 Kg7 58. Be2 Rf5+ 59. Ke3 Re5+
60. Kf2 b5 61. Rd7 Be4 62. Ra7 Re6 63. Bh5 Bg6 64. Bf3 Be4 65. Bh5 Bg6 66. Bg4
Rc6 67. Bd7 Rc2+ 68. Ke1 Rc1+ 69. Kd2 Rc2+ 70. Kd1 Rc3 71. Kd2 Rxa3 72. Bxb5
Rb3 73. Be2 Rxb4 74. h5 Bf5 75. Rxa6 Bg4 76. Bxg4 Rxg4 77. Ra3 Rg2+ 78. Ke1 f5
79. Rh3 Kf6 80. Kf1 Rg4 81. Kf2 Kg5 82. Kf3 f4 83. Rh1 f5 84. Rh2 Rg3+ 85. Kf2
Kg4 86. Rh1 f3 87. Ra1 Rg2+ 88. Kf1 Kxh5 89. Ra6 Rb2 90. Ra8 Kg4 91. Rg8+ Kf4
92. Rh8 Rb1+ 93. Kf2 Rh1 94. Ra8 Rh2+ 95. Kg1 Rg2+ 96. Kf1 h5 97. Rh8 Rh2 98.
Kg1 Rh4 99. Kf2 Rh2+ 100. Kg1 Rg2+ 101. Kf1 Rg5 102. Kf2 Rg2+ 103. Kf1 Ra2 104.
Rxh5 Ke3 105. Kg1 Ra1+ 106. Kh2 f2 0-1